[Event "Zuerich op-B 34th"]
[Site "Zuerich"]
[Date "2010.12.27"]
[Round "2"]
[White "Nemcova, Karolina"]
[Black "Sigrist, Rene"]
[Result "1-0"]
[WhiteElo "1983"]
[BlackElo "1833"]
[PlyCount "53"]
[EventDate "2010.12.26"]
[EventType "swiss"]
[EventRounds "7"]
[EventCountry "SUI"]
[SourceTitle "CBM 140 Extra"]
[Source "ChessBase"]
[SourceDate "2011.03.01"]
[SourceVersion "1"]
[SourceVersionDate "2011.03.01"]
[SourceQuality "1"]

1. e4 c6 2. d4 d5 3. Nd2 dxe4 4. Nxe4 Bf5 5. Ng3 Bg6 6. h4 h6 7. Nf3 Nd7 8. h5 Bh7 9. Bd3 Bxd3 10. Qxd3 e6 11. Bd2 Qc7 12. Ne4 Ngf6 13. b3 Nxe4 14. Qxe4 c5 15. 0-0-0 Nf6 16. Qe2 0-0-0 17. Rh4 Rd5 18. dxc5 Nxh5 19. c4 Qxc5 20. b4 Qc6 21. Kb1 Rf5 22. Nd4 Qb6 23. Nxf5 Bxb4 24. Bxb4 Qxb4+ 25. Qb2 Qxb2+ 26. Kxb2 exf5 27. Rxh5 1-0

[Event "Cesky Krumlov op 4th"]
[Site "Cesky Krumlov"]
[Date "2010.11.28"]
[Round "9"]
[White "Stojkovic, Andreja"]
[Black "Nemcova, Karolina"]
[Result "1/2-1/2"]
[WhiteElo "1980"]
[BlackElo "1983"]
[PlyCount "24"]
[EventDate "2010.11.21"]
[EventType "swiss"]
[EventRounds "9"]
[EventCountry "CZE"]
[SourceTitle "CBM 139 Extra"]
[Source "ChessBase"]
[SourceDate "2011.01.05"]
[SourceVersion "1"]
[SourceVersionDate "2011.01.05"]
[SourceQuality "1"]

1. c4 Nf6 2. Nc3 g6 3. Nf3 Bg7 4. g3 0-0 5. Bg2 c6 6. e4 d6 7. d4 Nbd7 8. 0-0 e5 9. dxe5 Nxe5 10. Nxe5 dxe5 11. Qc2 Qe7 12. b3 Nh5 1/2-1/2

[Event "Cesky Krumlov op 4th"]
[Site "Cesky Krumlov"]
[Date "2010.11.23"]
[Round "3"]
[White "Jenicek, Jaromir"]
[Black "Nemcova, Karolina"]
[Result "0-1"]
[WhiteElo "1841"]
[BlackElo "1983"]
[PlyCount "64"]
[EventDate "2010.11.21"]
[EventType "swiss"]
[EventRounds "9"]
[EventCountry "CZE"]
[SourceTitle "CBM 139 Extra"]
[Source "ChessBase"]
[SourceDate "2011.01.05"]
[SourceVersion "1"]
[SourceVersionDate "2011.01.05"]
[SourceQuality "1"]

1. e4 c5 2. c3 Nc6 3. Bc4 e6 4. d4 d5 5. exd5 exd5 6. Bb5 Qb6 7. Qe2+ Be6 8. Nf3 c4 9. Ba4 Bd6 10. 0-0 Nf6 11. Ng5 Kd7 12. Nxe6 fxe6 13. Nd2 Qa5 14. Bc2 Qc7 15. h3 g5 16. g3 h5 17. a4 Raf8 18. b3 Bxg3 19. bxc4 g4 20. fxg3 Qxg3+ 21. Qg2 Qxc3 22. Nb3 Rhg8 23. h4 Nxd4 24. Nxd4 Qxd4+ 25. Kh1 Qxa1 26. Bh6 Qd4 27. cxd5 exd5 28. Bf5+ Kd8 29. Qg3 Nd7 30. Bg5+ Rxg5 31. hxg5 Rxf5 32. Rc1 Qf4 0-1

[Event "CZE-chT2A 1011"]
[Site "Czech Republic"]
[Date "2010.10.17"]
[Round "1"]
[White "Nemcova, Karolina"]
[Black "Snajdr, Jiri"]
[Result "1-0"]
[WhiteElo "1983"]
[BlackElo "1991"]
[PlyCount "73"]
[EventDate "2010.10.17"]
[EventType "team-tourn"]
[EventRounds "11"]
[EventCountry "CZE"]
[SourceTitle "EXT 2012"]
[Source "ChessBase"]
[SourceDate "2011.11.24"]
[SourceVersion "1"]
[SourceVersionDate "2011.11.24"]
[SourceQuality "1"]
[WhiteTeam "Praha Oaza"]
[BlackTeam "Plzen Letna"]
[WhiteTeamCountry "CZE"]
[BlackTeamCountry "CZE"]

1. e4 c5 2. Ne2 Nc6 3. Nbc3 Nf6 4. g3 e6 5. Bg2 d5 6. exd5 exd5 7. d4 Be6 8. 0-0 Be7 9. Bg5 c4 10. Nf4 0-0 11. Qd2 h6 12. Bxf6 Bxf6 13. Nfe2 Qd7 14. Rfe1 b5 15. Nd1 a5 16. Ne3 b4 17. c3 Rab8 18. Qc2 Rb6 19. Nf4 Ne7 20. Nh5 Rfb8 21. Nxf6+ gxf6 22. Rab1 b3 23. axb3 Rxb3 24. f4 Nf5 25. Nd1 Nd6 26. Ra1 a4 27. Qe2 Bg4 28. Bf3 Re8 29. Ne3 Bxf3 30. Qxf3 Ne4 31. Qh5 f5 32. Nxf5 Nf6 33. Nxh6+ Kf8 34. Qg5 Rxb2 35. Qxf6 Ree2 36. Rxe2 Rxe2 37. Nf5 1-0

[Event "CZE-chTW U20 0910"]
[Site "Czech Republic"]
[Date "2009.10.04"]
[Round "4.4"]
[White "Nemcova, Karolina"]
[Black "Ruzicka, Vaclav"]
[Result "1-0"]
[WhiteElo "1940"]
[BlackElo "2082"]
[PlyCount "81"]
[EventDate "2009.10.03"]
[EventType "team-tourn"]
[EventRounds "7"]
[EventCountry "CZE"]
[SourceTitle "EXT 2011"]
[Source "ChessBase"]
[SourceDate "2010.11.26"]
[SourceVersion "1"]
[SourceVersionDate "2010.11.26"]
[SourceQuality "1"]
[WhiteTeam "Praha Oaza (U20)"]
[BlackTeam "Klatovy (U20)"]
[WhiteTeamCountry "CZE"]
[BlackTeamCountry "CZE"]

1. e4 c5 2. Ne2 d6 3. g3 Nc6 4. Bg2 g6 5. Nbc3 Bg7 6. 0-0 e6 7. d3 Nge7 8. f4 0-0 9. Be3 f5 10. Qd2 Nd4 11. Bf2 Rb8 12. a4 e5 13. Bxd4 exd4 14. Nb5 a6 15. Na3 b5 16. axb5 axb5 17. Rab1 b4 18. Nc4 Be6 19. b3 fxe4 20. dxe4 d5 21. exd5 Bxd5 22. Nc1 Nf5 23. Bxd5+ Qxd5 24. Nd3 Rfe8 25. Rbe1 Kf7 26. Qg2 Qxg2+ 27. Kxg2 Ne3+ 28. Nxe3 Rxe3 29. Rxe3 dxe3 30. Kf3 Bd4 31. Ke2 Ra8 32. Rd1 Ke6 33. Nxb4 Kf5 34. Kf3 g5 35. g4+ Ke6 36. f5+ Kf7 37. Nc6 Ra2 38. Nxd4 cxd4 39. Rc1 Ra8 40. Ke4 Re8+ 41. Kxd4 1-0

[Event "CZE/SVK-chT (Women)"]
[Site "Frydek Mistek"]
[Date "2009.05.16"]
[Round "5"]
[White "Nemcova, Karolina"]
[Black "Olsarova, Tereza"]
[Result "1/2-1/2"]
[WhiteElo "1947"]
[BlackElo "2106"]
[PlyCount "100"]
[EventDate "2009.05.14"]
[EventType "team-tourn"]
[EventRounds "7"]
[EventCountry "CZE"]
[SourceTitle "CBM 130 Extra"]
[Source "ChessBase"]
[SourceDate "2009.07.02"]
[SourceVersion "2"]
[SourceVersionDate "2009.07.15"]
[SourceQuality "1"]
[WhiteTeam "Praha Oaza (W)"]
[BlackTeam "Orlova Slavia (W)"]
[WhiteTeamCountry "CZE"]
[BlackTeamCountry "CZE"]

1. e4 e5 2. d4 exd4 3. Qxd4 Nc6 4. Qe3 g6 5. Nc3 Bg7 6. Nf3 Nge7 7. Bc4 0-0 8. 0-0 Na5 9. Bb3 Nxb3 10. axb3 b6 11. Nb5 d5 12. Qf4 dxe4 13. Qxe4 Bf5 14. Qc4 c6 15. Nbd4 Qd7 16. Bg5 c5 17. Bxe7 Qxe7 18. Nxf5 gxf5 19. Rfe1 Qf6 20. c3 Rfd8 21. Re5 Rd7 22. Rae1 Rad8 23. Qe2 Bf8 24. h3 Rd5 25. Qc2 Kg7 26. Rxd5 Rxd5 27. c4 Rd8 28. Re5 f4 29. Rg5+ Kh8 30. Ne5 Qe6 31. Rh5 h6 32. Rf5 Rd2 33. Qe4 Re2 34. Nxf7+ Qxf7 35. Rxf7 Rxe4 36. Rxf8+ Kg7 37. Ra8 a5 38. Kf1 Kg6 39. Rd8 Re6 40. Rd5 Kf6 41. Rh5 Kg6 42. Rd5 Kf6 43. f3 Kg6 44. Kf2 Kg7 45. Rd7+ Kf8 46. Rb7 Rg6 47. Rd7 Re6 48. Rb7 Rg6 49. Rd7 Re6 50. Rd3 Ke7 1/2-1/2

[Event "CZE-ch U16 Girls"]
[Site "Kouty nad Desnou"]
[Date "2009.03.10"]
[Round "5"]
[White "Nemcova, Karolina"]
[Black "Phamova, Xuan Mai"]
[Result "1/2-1/2"]
[WhiteElo "1949"]
[BlackElo "1740"]
[PlyCount "88"]
[EventDate "2009.03.07"]
[EventType "swiss"]
[EventRounds "9"]
[EventCountry "CZE"]
[SourceTitle "EXT 2011"]
[Source "ChessBase"]
[SourceDate "2010.11.26"]
[SourceVersion "1"]
[SourceVersionDate "2010.11.26"]
[SourceQuality "1"]

1. e4 e5 2. Nc3 Nc6 3. Nf3 Nf6 4. d4 exd4 5. Nxd4 Bb4 6. Nxc6 bxc6 7. Bd3 d5 8. exd5 cxd5 9. 0-0 0-0 10. Bg5 c6 11. Qf3 Be7 12. h3 h6 13. Bf4 Be6 14. Ne2 c5 15. c3 Bd6 16. Ng3 Qc7 17. Bxh6 Be5 18. Bg5 Rab8 19. Bxf6 Bxf6 20. Nf5 Rxb2 21. Nh6+ Kh8 22. Qh5 Rfb8 23. Nxf7+ Kg8 24. Ng5 Bxg5 25. Bh7+ Kf8 26. Qxg5 Qe7 27. Qh5 Bf7 28. Qf3 Qf6 29. Qxf6 gxf6 30. Rfe1 Re8 31. Rxe8+ Kxe8 32. Bd3 Kd7 33. a4 c4 34. Bf5+ Be6 35. Bxe6+ Kxe6 36. Re1+ Kf7 37. Kf1 Ra2 38. Rb1 Rxa4 39. Rb2 Ra3 40. Rc2 Rb3 41. Ke2 a5 42. Ke3 a4 43. Kd4 a3 44. Ra2 Rb2 1/2-1/2

[Event "Zuerich op-B 32nd"]
[Site "Zuerich"]
[Date "2008.12.30"]
[Round "7"]
[White "Knobel, Mathias"]
[Black "Nemcova, Karolina"]
[Result "0-1"]
[WhiteElo "2048"]
[BlackElo "1919"]
[PlyCount "84"]
[EventDate "2008.12.26"]
[EventType "swiss"]
[EventRounds "7"]
[EventCountry "SUI"]
[SourceTitle "CBM 127 Extra"]
[Source "ChessBase"]
[SourceDate "2009.01.08"]
[SourceVersion "2"]
[SourceVersionDate "2009.01.28"]
[SourceQuality "1"]

1. d4 Nf6 2. c4 g6 3. f3 Bg7 4. e4 d6 5. Be3 0-0 6. Nc3 Nbd7 7. Nh3 c5 8. d5 a6 9. Be2 Qa5 10. Nf2 Rb8 11. a4 Qb4 12. Qd2 Ne5 13. Ncd1 Qxd2+ 14. Bxd2 e6 15. 0-0 exd5 16. cxd5 Ne8 17. Bc3 f5 18. f4 Nf7 19. Ne3 fxe4 20. Nxe4 b5 21. axb5 axb5 22. Ra5 Nc7 23. Nf6+ Bxf6 24. Bxf6 Re8 25. Rf3 Bg4 26. Nxg4 Rxe2 27. Rd3 h5 28. Ne3 Re8 29. Nd1 b4 30. Kf1 R8e4 31. h3 Re1+ 32. Kf2 Rxd1 33. Rxd1 Rxf4+ 34. Kg3 Rxf6 35. Ra7 Nb5 36. Rb7 Nd4 37. Re1 Ne5 38. Ra1 Rf7 39. Rb6 Kg7 40. Kh2 Nc4 41. Rba6 Rf6 42. Rb1 Ne3 0-1

[Event "Zuerich op-B 32nd"]
[Site "Zuerich"]
[Date "2008.12.29"]
[Round "5"]
[White "Nemcova, Karolina"]
[Black "Wegelin, Reinhard"]
[Result "0-1"]
[WhiteElo "1919"]
[BlackElo "1900"]
[PlyCount "80"]
[EventDate "2008.12.26"]
[EventType "swiss"]
[EventRounds "7"]
[EventCountry "SUI"]
[SourceTitle "CBM 127 Extra"]
[Source "ChessBase"]
[SourceDate "2009.01.08"]
[SourceVersion "2"]
[SourceVersionDate "2009.01.28"]
[SourceQuality "1"]

1. e4 e5 2. Nc3 Nc6 3. Nf3 Nf6 4. d4 Bb4 5. Bg5 h6 6. Bh4 g5 7. dxe5 Nxe4 8. Bg3 Nxc3 9. bxc3 Bxc3+ 10. Nd2 Qe7 11. Rb1 Bxe5 12. Bxe5 Qxe5+ 13. Be2 Nd4 14. Nc4 Qxe2+ 15. Qxe2+ Nxe2 16. Kxe2 b6 17. Kf3 Bb7+ 18. Kg3 0-0 19. Ne5 f5 20. f3 d6 21. Nd3 Rae8 22. Rhe1 Kf7 23. h4 Kg6 24. hxg5 hxg5 25. Kf2 a5 26. a3 Ba6 27. Nb2 Re5 28. Rxe5 dxe5 29. Rd1 Rf7 30. Na4 Rf6 31. Rd5 Rc6 32. Rd2 Kf6 33. Nb2 f4 34. Ke1 Rc3 35. a4 Ra3 36. c4 Rc3 37. Rd7 Bxc4 38. Rxc7 Re3+ 39. Kd2 Re2+ 40. Kc1 Bd5 0-1

[Event "CZE-ch U16"]
[Site "Sec u Chrudimi"]
[Date "2008.10.31"]
[Round "8"]
[White "Nemcova, Karolina"]
[Black "Skut, Michal"]
[Result "1-0"]
[WhiteElo "1919"]
[BlackElo "2048"]
[PlyCount "49"]
[EventDate "2008.10.25"]
[EventType "swiss"]
[EventRounds "9"]
[EventCountry "CZE"]
[SourceTitle "EXT 2022"]
[Source "ChessBase"]
[SourceDate "2021.10.06"]
[SourceVersion "1"]
[SourceVersionDate "2021.10.06"]
[SourceQuality "1"]

1. e4 c5 2. Ne2 Nc6 3. Nbc3 g6 4. g3 Bg7 5. Bg2 d6 6. 0-0 Nf6 7. d3 0-0 8. h3 e5 9. Be3 Nd4 10. Qc1 Ne8 11. Kh2 Be6 12. f4 Qd7 13. g4 exf4 14. Bxf4 Nc7 15. Nxd4 cxd4 16. Ne2 Rac8 17. Qd2 d5 18. e5 f6 19. exf6 Bxf6 20. Rae1 Nb5 21. Ng1 Rc6 22. Nf3 Rfc8 23. Rc1 Qg7 24. Kh1 Kh8 25. g5 1-0

[Event "CZE-ch U16 Girls"]
[Site "Sec u Chrudimi"]
[Date "2008.03.10"]
[Round "3"]
[White "Nemcova, Karolina"]
[Black "Palkova, Nikola"]
[Result "1-0"]
[WhiteElo "2051"]
[BlackElo "1647"]
[PlyCount "93"]
[EventDate "2008.03.08"]
[EventType "swiss"]
[EventRounds "9"]
[EventCountry "CZE"]
[SourceTitle "EXT 2009"]
[Source "ChessBase"]
[SourceDate "2008.11.26"]
[SourceVersion "1"]
[SourceVersionDate "2008.11.26"]
[SourceQuality "1"]

1. e4 c6 2. Nf3 d5 3. exd5 cxd5 4. d3 Nf6 5. g3 Bf5 6. Bg2 e6 7. Bf4 Bd6 8. Bxd6 Qxd6 9. 0-0 0-0 10. Nc3 Nc6 11. Qd2 h6 12. h3 a6 13. Ne2 Rac8 14. a3 Rfd8 15. g4 Bg6 16. Ng3 Qc7 17. Rac1 Qb6 18. Nh4 Ne7 19. b3 Rc7 20. Kh1 Rdc8 21. f4 Bh7 22. Nf3 Ng6 23. f5 Nf8 24. a4 Qc5 25. Rf2 Qd6 26. Nf1 exf5 27. g5 hxg5 28. Nxg5 Qd7 29. Ne3 g6 30. Qd1 Ne6 31. Nf3 Rd8 32. Qd2 Qe8 33. Qb4 Qf8 34. Qe1 Qh6 35. Ne5 Nf4 36. Rf3 Nxg2 37. Kxg2 Re8 38. d4 f4 39. Nf1 g5 40. Ng4 Rxe1 41. Nxh6+ Kg7 42. Rxe1 Rxc2+ 43. Rf2 Be4+ 44. Kg1 Rxf2 45. Kxf2 Kxh6 46. Nd2 Kh5 47. Rc1 1-0

[Event "CZE-ch U16 Girls"]
[Site "Sec u Chrudimi"]
[Date "2008.03.09"]
[Round "2"]
[White "Grussova, Helena"]
[Black "Nemcova, Karolina"]
[Result "1-0"]
[WhiteElo "1766"]
[BlackElo "2051"]
[PlyCount "83"]
[EventDate "2008.03.08"]
[EventType "swiss"]
[EventRounds "9"]
[EventCountry "CZE"]
[SourceTitle "EXT 2009"]
[Source "ChessBase"]
[SourceDate "2008.11.26"]
[SourceVersion "1"]
[SourceVersionDate "2008.11.26"]
[SourceQuality "1"]

1. e4 d5 2. exd5 Qxd5 3. Nc3 Qa5 4. d4 c6 5. Nf3 Nf6 6. Bd2 Qc7 7. h3 e6 8. Bd3 Bd6 9. Ne4 Nxe4 10. Bxe4 Nd7 11. c4 Nf6 12. Qc2 0-0 13. 0-0 Bd7 14. Bc3 Rae8 15. Rfe1 h6 16. Rad1 b6 17. b3 Kh8 18. Nd2 e5 19. Bf3 exd4 20. Bxd4 Be5 21. Qc3 Bxd4 22. Qxd4 Bf5 23. Nf1 Bg6 24. Ng3 Rd8 25. Qc3 a5 26. a4 Rfe8 27. Rxe8+ Rxe8 28. c5 b5 29. axb5 cxb5 30. Qd4 Bc2 31. Rc1 Bxb3 32. Nf5 Rd8 33. Qc3 Bd5 34. Bxd5 Rxd5 35. g4 Qf4 36. c6 Qc7 37. Re1 b4 38. Qc4 Qb6 39. c7 Rc5 40. c8Q+ Rxc8 41. Qxc8+ Kh7 42. Qf8 1-0

[Event "CZE-ch U16"]
[Site "Sec u Chrudimi"]
[Date "2007.10.24"]
[Round "6"]
[White "Nemcova, Karolina"]
[Black "Bartos, Patrik"]
[Result "1-0"]
[WhiteElo "1918"]
[BlackElo "1693"]
[PlyCount "51"]
[EventDate "2007.10.20"]
[EventType "swiss"]
[EventRounds "9"]
[EventCountry "CZE"]
[SourceTitle "EXT 2022"]
[Source "ChessBase"]
[SourceDate "2021.10.06"]
[SourceVersion "1"]
[SourceVersionDate "2021.10.06"]
[SourceQuality "1"]

1. e4 c5 2. Ne2 Nc6 3. Nbc3 e6 4. d4 cxd4 5. Nxd4 d6 6. Be3 e5 7. Ndb5 a6 8. Nd5 axb5 9. Bb6 Qh4 10. Nc7+ Ke7 11. Nxa8 Qxe4+ 12. Qe2 Qa4 13. Nc7 Nf6 14. Qxb5 Qe4+ 15. Kd2 g6 16. Re1 Bh6+ 17. Kd1 Bg4+ 18. f3 Bxf3+ 19. gxf3 Qxf3+ 20. Qe2 Qf5 21. Bg2 Nb4 22. a3 Nd7 23. Be4 Qf4 24. Be3 Qxe4 25. Bg5+ Bxg5 26. Qxe4 1-0

[Event "CZE-ch U16"]
[Site "Sec u Chrudimi"]
[Date "2007.10.21"]
[Round "2"]
[White "Kosek, Marek"]
[Black "Nemcova, Karolina"]
[Result "0-1"]
[WhiteElo "1686"]
[BlackElo "1918"]
[PlyCount "104"]
[EventDate "2007.10.20"]
[EventType "swiss"]
[EventRounds "9"]
[EventCountry "CZE"]
[SourceTitle "EXT 2022"]
[Source "ChessBase"]
[SourceDate "2021.10.06"]
[SourceVersion "1"]
[SourceVersionDate "2021.10.06"]
[SourceQuality "1"]

1. e4 d5 2. exd5 Qxd5 3. Nc3 Qa5 4. Nf3 Nf6 5. Be2 Bf5 6. 0-0 e6 7. d4 c6 8. Ne5 Bd6 9. Nc4 Qc7 10. Nxd6+ Qxd6 11. Bg5 Nbd7 12. Bh4 0-0 13. Bg3 Qb4 14. Rb1 Nb6 15. a3 Qe7 16. Be5 Rad8 17. b4 Nfd5 18. Nxd5 cxd5 19. Rb3 Rc8 20. c3 Nc4 21. Bxc4 Rxc4 22. Qd2 Rfc8 23. Re1 Qd7 24. h4 Qa4 25. Qb2 f6 26. Bg3 Qe8 27. Qd2 Qg6 28. Re3 Be4 29. f4 f5 30. Kh2 Qg4 31. Rb2 h6 32. Qe1 g5 33. hxg5 hxg5 34. Rf2 Qh5+ 35. Kg1 g4 36. Rf1 Qe8 37. Qd2 Qa4 38. Qb2 Rxd4 39. Bf2 Rdc4 40. Rg3 Qc6 41. Bd4 Kf7 42. Rd1 Qa4 43. Rd2 b6 44. Be5 Qd7 45. Bd4 Qe7 46. Kf2 Qh4 47. Qc1 Kg6 48. Qe1 Rxc3 49. Be3 Rc1 50. Rd1 Rxd1 51. Qxd1 Rc2+ 52. Bd2 Qf6 0-1

[Event "Zdar nad Sazavou Vysocina op-A 4th"]
[Site "Zdar nad Sazavou"]
[Date "2007.09.26"]
[Round "5"]
[White "Bures, Jaroslav"]
[Black "Nemcova, Karolina"]
[Result "1-0"]
[WhiteElo "2157"]
[BlackElo "1909"]
[PlyCount "48"]
[EventDate "2007.09.22"]
[EventType "swiss"]
[EventRounds "9"]
[EventCountry "CZE"]
[SourceTitle "CBM 120 Extra"]
[Source "ChessBase"]
[SourceDate "2007.11.01"]
[SourceVersion "1"]
[SourceVersionDate "2007.11.01"]
[SourceQuality "1"]

1. e4 e5 2. f4 exf4 3. Nf3 d5 4. exd5 Nf6 5. Bc4 Nxd5 6. Bxd5 Qxd5 7. Nc3 Qf5 8. 0-0 g5 9. Re1+ Be7 10. d4 f6 11. Qe2 Nc6 12. b4 Qd7 13. b5 Nxd4 14. Qxe7+ Qxe7 15. Rxe7+ Kxe7 16. Nxd4 Rd8 17. Ba3+ Kf7 18. Rd1 Bg4 19. Rd3 Rd7 20. Ne4 Rad8 21. Bb2 Rd5 22. Nxf6 Be2 23. Nxe2 Rxd3 24. cxd3 Rxd3 1-0

[Event "CZE-ch U14 Girls"]
[Site "Sec u Chrudimi"]
[Date "2007.03.16"]
[Round "8"]
[White "Nemcova, Karolina"]
[Black "Miturova, Magdalena"]
[Result "1/2-1/2"]
[WhiteElo "1790"]
[BlackElo "1868"]
[PlyCount "59"]
[EventDate "2007.03.10"]
[EventType "swiss"]
[EventRounds "9"]
[EventCountry "CZE"]
[SourceTitle "EXT 2008"]
[Source "ChessBase"]
[SourceDate "2007.11.25"]
[SourceVersion "1"]
[SourceVersionDate "2007.11.25"]
[SourceQuality "1"]

1. e4 e5 2. Nc3 Nf6 3. Nf3 Nc6 4. d4 exd4 5. Nxd4 Bb4 6. Nxc6 bxc6 7. Bd3 d5 8. exd5 cxd5 9. 0-0 0-0 10. Qf3 c6 11. Bg5 Be7 12. Bd2 Bg4 13. Qg3 c5 14. Rae1 c4 15. Be2 Bxe2 16. Rxe2 Bd6 17. Qh4 d4 18. Nb5 Bc5 19. Bg5 Rb8 20. a4 a6 21. Re5 Bd6 22. Nxd6 Qxd6 23. Bxf6 Qxf6 24. Qxd4 Rbe8 25. Rfe1 Rxe5 26. Qxe5 Qc6 27. a5 h6 28. h3 Rd8 29. Qc3 Rd5 30. Re3 1/2-1/2

[Event "CZE-ch U14 Girls"]
[Site "Sec u Chrudimi"]
[Date "2007.03.15"]
[Round "7"]
[White "Nemcova, Karolina"]
[Black "Simurdova, Zdenka"]
[Result "1-0"]
[WhiteElo "1790"]
[BlackElo "1450"]
[PlyCount "43"]
[EventDate "2007.03.10"]
[EventType "swiss"]
[EventRounds "9"]
[EventCountry "CZE"]
[SourceTitle "EXT 2008"]
[Source "ChessBase"]
[SourceDate "2007.11.25"]
[SourceVersion "1"]
[SourceVersionDate "2007.11.25"]
[SourceQuality "1"]

1. e4 c5 2. Nf3 d6 3. d4 cxd4 4. Nxd4 Nf6 5. Nc3 a6 6. f3 e6 7. Be3 Be7 8. Qd2 b6 9. g4 Bb7 10. 0-0-0 Nbd7 11. h4 Qc7 12. Kb1 Ne5 13. g5 Nh5 14. Qf2 0-0 15. Rg1 Rac8 16. Rc1 Rfd8 17. f4 Nd7 18. Be2 g6 19. Bxh5 gxh5 20. f5 exf5 21. Nxf5 Ne5 22. Bxb6 1-0

[Event "CZE-ch U14 Girls"]
[Site "Sec u Chrudimi"]
[Date "2007.03.12"]
[Round "4"]
[White "Grussova, Helena"]
[Black "Nemcova, Karolina"]
[Result "0-1"]
[WhiteElo "1593"]
[BlackElo "1790"]
[PlyCount "42"]
[EventDate "2007.03.10"]
[EventType "swiss"]
[EventRounds "9"]
[EventCountry "CZE"]
[SourceTitle "EXT 2008"]
[Source "ChessBase"]
[SourceDate "2007.11.25"]
[SourceVersion "1"]
[SourceVersionDate "2007.11.25"]
[SourceQuality "1"]

1. e4 c5 2. Nf3 e6 3. d4 cxd4 4. Nxd4 a6 5. Nc3 Qc7 6. a3 Nc6 7. Be3 Nf6 8. Be2 Be7 9. 0-0 0-0 10. Nxc6 bxc6 11. f4 d5 12. e5 Nd7 13. Rf3 c5 14. Bd2 d4 15. Ne4 Bb7 16. Nf6+ gxf6 17. Rg3+ Kh8 18. Rh3 Rg8 19. g4 fxe5 20. fxe5 Qxe5 21. c3 f5 0-1

[Event "Znojmo op"]
[Site "Znojmo"]
[Date "2006.05.20"]
[Round "8.21"]
[White "Nemcova, Karolina"]
[Black "Maliszewski, Jaroslaw"]
[Result "0-1"]
[WhiteElo "1925"]
[BlackElo "1920"]
[PlyCount "122"]
[EventDate "2006.05.14"]
[EventType "swiss"]
[EventRounds "9"]
[EventCountry "CZE"]
[SourceTitle "CBM 112 Extra"]
[Source "ChessBase"]
[SourceDate "2006.07.14"]
[SourceVersion "1"]
[SourceVersionDate "2006.07.14"]
[SourceQuality "1"]

1. e4 c5 2. Nf3 Nc6 3. d4 cxd4 4. Nxd4 e5 5. Nb5 d6 6. N1c3 a6 7. Na3 Be6 8. Nd5 Nf6 9. Nxf6+ Qxf6 10. Be3 Rd8 11. c4 Qg6 12. f3 Be7 13. Qc2 0-0 14. g4 d5 15. exd5 Bxa3 16. Qxg6 Bb4+ 17. Kf2 fxg6 18. dxe6 Nd4 19. Bxd4 Rxd4 20. Kg3 Bd6 21. c5 Bxc5 22. Bg2 Re8 23. Rhd1 Rxe6 24. Rac1 Rxd1 25. Rxd1 Bd4 26. b3 g5 27. Bf1 Rc6 28. Bc4+ Kf8 29. Rd2 g6 30. Rc2 a5 31. Bd3 Bc5 32. Be4 Rc7 33. Bxb7 Ke7 34. Be4 Kd6 35. h3 Rc8 36. Kg2 Rb8 37. Rc4 Rb6 38. Ra4 Bb4 39. a3 Bc3 40. Bc2 Rb5 41. Rc4 Bd2 42. Kf2 Bf4 43. Ke2 Rd5 44. Bd3 Bh2 45. Rc8 Rc5 46. Rd8+ Ke7 47. Rh8 h5 48. gxh5 gxh5 49. Rxh5 Bf4 50. Rh7+ Kd6 51. Bc4 a4 52. Rh6+ Ke7 53. Rh7+ Kf6 54. Rh6+ Kg7 55. Rd6 axb3 56. Bxb3 Rc1 57. a4 Rh1 58. Be6 Rh2+ 59. Kf1 e4 60. Rd7+ Kf6 61. Bg4 e3 0-1